Word Ladder: Walking Quiz Stats

 Plays Quiz Updated Oct 5, 2012

Support Sporcle.
Go Orange.
Score 0/29 Timer 02:00
0 Plays Today
Clue Word % Correct
☀Don't ____ the ____ if you can't walk the walk☀☀ TALK ☀
97.3%
It keeps your pants upBELT
97.1%
What a basketball player shootsBALL
95.9%
Bicycle sound deviceBELL
94.5%
High in statureTALL
94.4%
HaltSTOP
93.6%
☀Promenade, stroll☀☀ WALK ☀
91.7%
Place to buy merchandiseSHOP
90.3%
☀Footwear for walking outdoors☀☀ SHOE ☀
88.7%
☀Footwear for walking in the rain☀☀ BOOT ☀
88.3%
Where one inserts a coin in a machineSLOT
88.1%
☀Put one ____ in front of the other☀☀ FOOT ☀
88.1%
☀Lift and then set down your foot☀☀ STEP ☀
83.9%
Ink stainBLOT
80.8%
A sound from a horn or deviceBEEP
76.8%
Clue Word % Correct
Town where ships load and unloadPORT
75.7%
Small, sour, blackish fruit of the blackthornSLOE
75%
StrongholdFORT
74.9%
Leak, drip, oozeSEEP
71.2%
Section or segmentPART
70.6%
Herbaceous plant of the goosefoot familyBEET
69.6%
☀Tool to help a person walk☀☀ CANE ☀
63.6%
Of sound mindSANE
60.2%
Trigonometric functionSINE
58%
☀Where pedestrians walk: ____walk☀☀ SIDE ☀
54.1%
TreatyPACT
47.5%
Type of bear known for their kindnessCARE
45.9%
☀Distance spanned by a stride☀☀ PACE ☀
45.1%
Cut off the outer skinPARE
43.4%

Today's Daily Dose

You're not logged in!

Compare scores with friends on all Sporcle quizzes.
OR
Log In

From the Vault

4 Decades of Disney Movies II

by kfastic

Do you miss the decades when everything was hand-animated?
Remove Ads.
Support Sporcle.
Get the best of Sporcle when you Go Orange. This ad-free experience offers more features, more stats, and more fun while also helping to support Sporcle. Thank you for becoming a member.

Show Comments

Extras

Top Quizzes Today


Score Distribution

Your Account Isn't Verified!

In order to create a playlist on Sporcle, you need to verify the email address you used during registration. Go to your Sporcle Settings to finish the process.

Report this User

Report this user for behavior that violates our Community Guidelines.

Details: